Proceedings of international conference on soybean protein foods : held at Peoria, Illinois October 17-19, 1966 /

Guardado en:
Autores Corporativos: International Conference on Soybean Protein Foods Peoria, illinois), United States. Department of Agriculture. Agricultural Research Service.
Formato: Libro
Idioma:Spanish
Publicado: Peoria, illinois. : United States Department of Agriculture, 1967.
Materias:
Etiquetas: Agregar Etiqueta
Sin Etiquetas, Sea el primero en etiquetar este registro!
LEADER 01104nam a22002535a 4500
001 EIQ.libpla001511
008 061030s1967####iluao####b####100#0#spa#d
005 20080916190721.0
245 1 0 |a Proceedings of international conference on soybean protein foods :  |b held at Peoria, Illinois October 17-19, 1966 /  |c United States Department of Agriculture, Agricultural Research Service. 
260 |a Peoria, illinois. :  |b United States Department of Agriculture,  |c 1967. 
300 |a iv, 285 p. :  |b il., fotos ;  |c 26 cm. 
500 |a Datos tomados de la cubierta. 
504 |a Incluye referencias bibliográficas. 
111 2 |a International Conference on Soybean Protein Foods  |d (1996 :  |c Peoria, illinois) 
710 1 |a United States.  |b Department of Agriculture.  |b Agricultural Research Service. 
246 3 |a Soybean protein foods 
650 4 |a Soja  |x Proteinas. 
650 4 |a Alimentos  |x Soja. 
650 4 |a Soja  |x Congresos. 
650 4 |a Foods  |x Soybean. 
650 4 |a Soybean  |x Protein. 
650 4 |a Soybean  |x Congresses. 
040 |a AR-BbSID  |b spa  |c AR-BbSID 
859 |a AR-BbSID  |b BIB. PLAPIQUI  |h 641.356 55  |i In 8  |p 877